[Event "Barcelona Vila Gracia op 5th"]
[Site "Barcelona"]
[Date "2012.10.19"]
[Round "1.3"]
[White "Pita Argemi, Albert"]
[Black "Salvador Baiges, Arnau"]
[Result "1-0"]
[WhiteElo "1936"]
[BlackElo "1735"]
[PlyCount "57"]
[EventDate "2012.10.19"]
[EventType "swiss"]
[EventRounds "7"]
[EventCountry "ESP"]
[SourceTitle "EXT 2024"]
[Source "ChessBase"]
[SourceDate "2023.10.10"]
[SourceVersion "1"]
[SourceVersionDate "2023.10.10"]
[SourceQuality "1"]

1. e4 e5 2. Nf3 Nc6 3. d4 Qe7 4. Nc3 d6 5. h3 Nf6 6. d5 Na5 7. Bd2 Nc4 8. Bxc4 g6 9. 0-0 Bg7 10. Be3 c6 11. Qd2 h6 12. Rad1 a6 13. dxc6 bxc6 14. Qxd6 Qxd6 15. Rxd6 Nd7 16. Rfd1 Ra7 17. Bxa7 Bf8 18. R6d2 Be7 19. Bxa6 0-0 20. Bxc8 Rxc8 21. Rxd7 Bb4 22. Rd8+ Rxd8 23. Rxd8+ Kg7 24. Nxe5 Be7 25. Rd7 Kf6 26. Nxc6 Bf8 27. Rd8 Be7 28. Nd5+ Kg7 29. Ncxe7 1-0